Score 0/30 Timer 05:00
4 Plays Today
Question Answer % Correct
What historical region of Romania is considered the home of Dracula?Transylvania
91%
Which business magnate and US President starred in NBC's 'The Apprentice'?Trump (Donald)
89.8%
The Blue Jays and Maple Leafs are sports teams from what North American city?Toronto
87.4%
Tom Hanks and Tim Allen provide voices for the main characters in what Disney-Pixar film series?Toy Story
87.4%
Which magazine annually publishes a 'Person of the Year' issue?Time
86.4%
Who was the Norse god of thunder?Thor
86.3%
What island forms a country with Trinidad?Tobago
86%
Sn is the chemical symbol for what element?Tin
85.8%
'Bluefin', 'Albacore' and 'Skipjack' are types of what fish?Tuna
85.3%
What is the full name of the infectious disease TB?Tuberculosis
84.5%
Shakespeare's plays were classified as 'comedies', 'histories' and... what?Tragedies
83%
In 1979, who became the U.K.'s first female Prime Minister?Thatcher (Margaret)
82.5%
'Score' is an old-fashioned term for what number?Twenty
81.2%
What branch of mathematics deals with the relation between the sides and angles of triangles?Trigonometry
79.9%
In the song from musical 'The Music Man', 76 of which instrument 'led the big parade'?Trombones
76.3%
Question Answer % Correct
What Harper Lee novel won the 1961 Pulitzer Prize?To Kill A Mockingbird
76%
Henry VII was the first monarch of which British royal house?Tudor
75.5%
What was the surname of Charles Lewis, who founded a jewellery company in New York in 1837?Tiffany
74.7%
Tony Manero, Danny Zuko and Vincent Vega are film characters played by who?Travolta (John)
72.4%
The name of which dinosaur literally means 'three-horned face'?Triceratops
72.3%
What Asian food, also called bean curd, is made from mashed soybeans?Tofu
71.2%
Hobart is the capital of what small island off the south coast of Australia?Tasmania
60.1%
'Swan Lake' and 'The Nutcracker' are ballets by which Russian composer?Tchaikovsky (Pyotr Ilyich)
56.1%
On which river does Rome stand?Tiber
55.9%
Horatio Nelson was fatally wounded during what famous battle of 1805?Trafalgar
47.6%
Created by Edgar Rice Burroughs, which fictional character was played on film by Olympic swimmer Johnny Weissmuller?Tarzan
44.8%
'Love Apple' is an archaic name for what fruit?Tomato
39.3%
Gary Barlow and Robbie Williams are members of what British boy band?Take That
37.4%
What 'Doctor Who' spin-off series is an anagram of 'Doctor Who'?Torchwood
30.4%
Benny the Ball, Officer Dibble and Spook featured in what classic cartoon series?Top Cat
20.3%
Remove Ads.
Support Sporcle.
Get the best of Sporcle when you Go Orange. This ad-free experience offers more features, more stats, and more fun while also helping to support Sporcle. Thank you for becoming a member.

You're not logged in!

Compare scores with friends on all Sporcle quizzes.
OR
Log In

Sporcle TV

Today on Sporcle TV


Watch our educational content, quiz creation guides, and fun videos on Sporcle TV.

Show Comments

Extras

Top Quizzes Today


Score Distribution

Paid Content

Your Account Isn't Verified!

In order to create a playlist on Sporcle, you need to verify the email address you used during registration. Go to your Sporcle Settings to finish the process.

Report this User

Report this user for behavior that violates our Community Guidelines.

Details: